Browns Players With 1000 Scrimmage Yards - Statistics

General Stats
  • This quiz has been taken 37 times
  • The average score is 33 of 71
Answer Stats
Position (Year) Yards Player % Correct
FB (1963) 2,131 Jim Brown
100%
FB (1965) 1,872 Jim Brown
100%
FB (1961) 1,867 Jim Brown
100%
FB (1964) 1,786 Jim Brown
100%
FB (1958) 1,665 Jim Brown
100%
FB (1959) 1,519 Jim Brown
100%
FB (1962) 1,513 Jim Brown
100%
FB (1960) 1,461 Jim Brown
100%
RB (2019) 1,772 Nick Chubb
100%
RB (2022) 1,764 Nick Chubb
100%
RB (2021) 1,433 Nick Chubb
100%
RB (2020) 1,217 Nick Chubb
100%
RB (2018) 1,145 Nick Chubb
100%
WR (2013) 1,734 Josh Gordon
83%
WR (2023) 1,250 Amari Cooper
73%
WR (2022) 1,160 Amari Cooper
73%
WR (2024) 1,229 Jerry Jeudy
70%
RB (2010) 1,654 Peyton Hillis
67%
RB (2020) 1,145 Kareem Hunt
53%
WR (2019) 1,184 Jarvis Landry
50%
WR (2018) 1,036 Jarvis Landry
50%
TE (1981) 1,022 Ozzie Newsome
50%
TE (1984) 1,001 Ozzie Newsome
50%
RB (2017) 1,041 Duke Johnson
47%
WR (2001) 1,097 Kevin Johnson
47%
WR (2019) 1,045 Odell Beckham Jr.
47%
RB (1985) 1,462 Earnest Byner
40%
RB (1988) 1,152 Earnest Byner
40%
FB (1985) 1,401 Kevin Mack
40%
FB (1990) 1,062 Kevin Mack
40%
RB (2007) 1,552 Jamal Lewis
37%
RB (2008) 1,180 Jamal Lewis
37%
RB (1968) 1,536 Leroy Kelly
33%
HB (1966) 1,507 Leroy Kelly
33%
HB (1967) 1,487 Leroy Kelly
33%
RB (1971) 1,117 Leroy Kelly
33%
RB (1969) 1,084 Leroy Kelly
33%
RB (1972) 1,015 Leroy Kelly
33%
RB (2012) 1,317 Trent Richardson
33%
RB (2002) 1,000 William Green
33%
RB (1993) 1,150 Eric Metcalf
30%
RB (1989) 1,030 Eric Metcalf
30%
FB (1966) 1,195 Ernie Green
30%
FB (1967) 1,079 Ernie Green
30%
RB (1977) 1,557 Greg Pruitt
30%
RB (1975) 1,366 Greg Pruitt
30%
RB (1976) 1,341 Greg Pruitt
30%
RB (1978) 1,252 Greg Pruitt
30%
RB (2016) 1,271 Isaiah Crowell
30%
RB (2017) 1,035 Isaiah Crowell
30%
WR/QB (2016) 1,028 Terrelle Pryor
30%
WR (1989) 1,236 Webster Slaughter
30%
WR (2007) 1,289 Braylon Edwards
27%
TE (2015) 1,043 Gary Barnidge
27%
RB (2023) 1,132 Jerome Ford
27%
TE (2007) 1,106 Kellen Winslow
27%
HB/RH (1951) 1,062 Dub Jones
23%
FB (1979) 1,666 Mike Pruitt
23%
FB (1981) 1,545 Mike Pruitt
23%
FB (1980) 1,505 Mike Pruitt
23%
RB (1983) 1,341 Mike Pruitt
23%
WR/LE (1968) 1,067 Paul Warfield
23%
RB (2005) 1,601 Reuben Droughns
20%
FB (1977) 1,047 Cleo Miller
17%
RB (2009) 1,082 Jerome Harrison
17%
WR (2005) 1,012 Antonio Bryant
13%
FB (1994) 1,335 Leroy Hoard
13%
HB (1960) 1,118 Bobby Mitchell
10%
HB/LH (1959) 1,094 Bobby Mitchell
10%
HB/FL (1953) 1,074 Ray Renfro
10%
HB/RH (1955) 1,009 Fred Morrison
7%
No matching quizzes found
Score Distribution
Percent of People with Each Score
Percentile by Number Answered
Your Score History
You have not taken this quiz